00476nam a2200133Ia 4500008004100000020001800041050002200059100002400081245013800105250001400243260004900257300002800306521000800334140529s9999 xx 000 0 und d a9780486479415 aNC 760b.Sp7 2010 aSparkes, John C. L. 4aThe complete guide to artistic anatomy /cJohn C.L. Sparkes ; revised, and with additional text and illustrations by William H. Gates aDover ed. aMineola, N.Y. :bDover Publications,cc2010. a76 p. :bill. ;c28 cm. aNUR